| Tag |
First Indicator |
Second Indicator |
Subfields |
| LEADER |
00000cam a22000004a 4500 |
| 001 |
in00001755607 |
| 005 |
20151025065603.0 |
| 008 |
020725s2003 coua b 001 0 eng |
| 010 |
|
|
|a 2002068270
|
| 020 |
|
|
|a 1588261204 (alk. paper)
|
| 020 |
|
|
|a 1588261441 (pbk. : alk. paper)
|
| 035 |
|
|
|a (OCoLC)ocm50270894
|
| 040 |
|
|
|a DLC
|c DLC
|d TXA
|d UtOrBLW
|
| 042 |
|
|
|a pcc
|
| 043 |
|
|
|a n-us---
|
| 049 |
|
|
|a TXAM
|
| 050 |
0 |
0 |
|a JK2281
|b .C354 2003
|
| 082 |
0 |
0 |
|a 324.973
|2 21
|
| 245 |
0 |
0 |
|a Campaigns and elections :
|b issues, concepts, cases /
|c edited by Robert P. Watson, Colton C. Campbell.
|
| 264 |
|
1 |
|a Boulder, Colo. :
|b Lynne Rienner Publishers,
|c 2003.
|
| 300 |
|
|
|a xii, 319 pages :
|b illustrations ;
|c 23 cm.
|
| 336 |
|
|
|a text
|b txt
|2 rdacontent
|
| 337 |
|
|
|a unmediated
|b n
|2 rdamedia
|
| 338 |
|
|
|a volume
|b nc
|2 rdacarrier
|
| 505 |
0 |
|
|a Inside the war room: political consultants in modern campaigns / David A. Dulio -- Campaign pollsters and polling: manipulating the voter or taking the electorate's pulse? / Stephen K. Medvic -- The technological evolution of campaigns: a look at new and emerging practices / Joshua M. Whitman and Joseph W. Perkins Jr. -- Case: Incumbency and issue advocacy in Pennsylvania's Thirteenth District / Robin Kolodny and Sandra L. Sur̀ez -- Case: Violating the "appearance standard": a local campaign controversy / Edward M. Yager Jr. -- Partisan politics in a nonpartisan society / Nicol C. Rae -- Reforming the reforms: campaign finance and Congress / Victoria S. Farrar-Myers -- Democratic survival in the Republican South / Matthew Corrigan -- Case: the contested vote for Mississippi governor / Donna Simmons -- Case: two views of the Florida controversy ; View 1. What happened in Florida on November 7, 2000? / Jane Carroll ; View 2. Election 2000: a League of Women Voters' perspective / Joan Karp -- Women's underrepresentation in elective office / Gary G. Aguilar -- Minority voters and candidates: tracking trends / David L. Leal -- Covering candidates and informing voters: newspaper coverage of a gubernatorial election / Stephen J. Stambough and Valerie R. O'Regan -- Case: the maverick campaign and election of Jesse Ventura / Steven C. Wagner and Stephen I. Frank -- Case: showdown in the empire state: Clinton versus Lazio / Jeffrey Kraus -- The Congressional elections of 2000: tradition meets competition in the new age / Robert Dewhirst and Ronald Keith Gaddie -- The significance of the 2000 presidential election: institutional impact and possible reforms / Anthony J. Eksterowicz.
|
| 504 |
|
|
|a Includes bibliographical references (pages 285-308) and index.
|
| 650 |
|
0 |
|a Political campaigns
|z United States.
|
| 650 |
|
0 |
|a Political campaigns
|z United States
|v Case studies.
|
| 700 |
1 |
|
|a Watson, Robert P.,
|d 1962-
|
| 700 |
1 |
|
|a Campbell, Colton C.,
|d 1965-
|
| 948 |
|
|
|a cataloged
|b h
|c 2003/5/21
|d c
|e dmitchel
|f 2:30:40 pm
|
| 994 |
|
|
|a E0
|b TXA
|
| 999 |
|
|
|a MARS
|
| 999 |
f |
f |
|s a54959df-8e6b-3c7a-8cc5-f45b9dc1db4c
|i 0c26c318-ddf7-39f3-b612-5d2e988b93ba
|t 0
|
| 952 |
f |
f |
|p ric
|a Texas A&M University
|b Rellis Campus
|c Joint Library Facility
|d Remote Storage
|t 0
|e JK2281 .C354 2003
|h Library of Congress classification
|i unmediated -- volume
|m A14830232472
|
| 998 |
f |
f |
|a JK2281 .C354 2003
|t 0
|l Remote Storage
|